• 首页
  • 本馆介绍
  • 公告通知
  • 最新文献
  • 馆藏检索
  • 电子资源
  • 读者荐购
  • 参考咨询
  • CALIS
  • 我的图书馆
  • 登录
  • 详细信息显示
  • 放入我的书架
  • 预约/预借图书
  • 作者相关作品
  • 分类相关作品
  • 丛书相关作品
  • 出版社相关作品

书目信息

  • 表格格式
  • 工作单格式
  • 卡片格式
题名:
黄土隧道的施工方法与工程实践
    
 
作者: 程选生 著
分册:  
出版信息: 北京   科学出版社  2019.06
页数: 280页
开本: 24cm
丛书名:
单 册:
中图分类: U459.9
科图分类:
主题词: 土质隧道--tu zhi sui dao--隧道工程--工程施工
电子资源:
ISBN: 978-7-03-060018-9
 
 
 
 
 
000 00988nam0 2200241 450
001 0100010137
005 20190905093951.0
010    @a978-7-03-060018-9@dCNY128.00
100    @a20190831d2019 em y0chiy50 ea
101 0  @achi
102    @aCN@b110000
105    @aak a 000yy
106    @ar
200 1  @a黄土隧道的施工方法与工程实践@Ahuang tu sui dao de shi gong fang fa yu gong cheng shi jian@f程选生著
210    @a北京@c科学出版社@d2019.06
215    @a280页@c图@d24cm
320    @a有书目
330    @a本书系统地介绍了不同断面黄土隧道的开挖施工方法, 基于有限元强度折减法, 根据静力稳定安全系数, 研究了中断面、大断面和特大断面的施工方法。全书共6章, 内容包括: 绪论, 黄土隧道施工方法, 中断面黄土隧道的施工方法, 大断面黄土隧道的施工方法, 特大断面黄土隧道的施工方法, 黄土隧道施工实例。
606 0  @a土质隧道@Atu zhi sui dao@x隧道工程@x工程施工
690    @aU459.9@v5
701  0 @a程选生@Acheng xuan sheng@4著
801  0 @aCN@c20190905
905    @a河南城建学院图书馆@dU459.9@eC776
    
    黄土隧道的施工方法与工程实践/程选生著.-北京:科学出版社,2019.06
    280页:图;24cm
    
    
    ISBN 978-7-03-060018-9:CNY128.00
    本书系统地介绍了不同断面黄土隧道的开挖施工方法, 基于有限元强度折减法, 根据静力稳定安全系数, 研究了中断面、大断面和特大断面的施工方法。全书共6章, 内容包括: 绪论, 黄土隧道施工方法, 中断面黄土隧道的施工方法, 大断面黄土隧道的施工方法, 特大断面黄土隧道的施工方法, 黄土隧道施工实例。
●
相关链接 在E读中查询图书 在当当中查询图书 在豆瓣中查询图书


正题名:黄土隧道的施工方法与工程实践     索取号:U459.9/C776         预约/预借

序号 登录号 条形码 馆藏地/架位号 状态 备注
1 1437632   214376325   期刊室512/501自科库 55排6列2层/ [索取号:U459.9/C776] 在馆    
河南城建学院图书馆 欢迎您!
大连网信软件有限公司© 版权所有